Classement ATP Avril 2026 - Statistiques

Statistiques générales
  • Ce quiz a été pris 32 fois
  • Le résultat moyen est 58 sur 100
Statistiques - réponses
NB Hint Réponse % Correct
2 espagne alcaraz
100%
1 italie sinner
100%
4 serbie djokovic
96%
25 france fils
96%
6 usa shelton
96%
3 allemagne zverev
96%
5 canada auger aliassime
92%
13 italie cobolli
92%
8 australie de minaur
92%
10 russie medvedev
92%
11 kasakhstan bublik
88%
30 france moutet
88%
9 italie musetti
88%
15 norvege ruud
88%
7 usa fritz
83%
14 tchequie lehecka
83%
26 france rinderknech
83%
17 monaco vacherot
83%
31 bresil fonseca
79%
34 france humbert
79%
39 danemark rune
79%
44 belgique bergs
75%
20 | 67 argentine cerundolo
75%
42 espagne jodar
75%
12 russie rublev
75%
19 usa tiafoe
75%
29 argentine etcheverry
71%
27 tchequie mensik
71%
23 royaume uni norrie
71%
18 usa paul
71%
64 argentine baez
67%
69 belgique blockx
67%
49 portugal borges
67%
22 italie darderi
67%
36 canada diallo
67%
28 royaume uni draper
67%
33 pays bas griekspoor
67%
16 russie khachanov
67%
41 tcheque machac
67%
46 france mannarino
67%
37 usa michelsen
67%
38 espagne munar
67%
21 usa tien
67%
80 grece tsitsipas
67%
47 france atmane
63%
63 pologne hurkacz
63%
40 usa korda
63%
35 canada shapovalov
63%
43 chili tabilo
63%
71 belgique1 collignon
58%
24 espagne fokina
58%
54 hongrie fucsovics
58%
55 allemagne altmaier
54%
92 italie berrettini
54%
58 perou buse
54%
51 coratie cilic
54%
91 france halys
54%
50 hongrie marozsan
54%
32 usa nakashima
54%
68 serbie medjedovic
50%
62 italie sonego
50%
52 pays bas van de zandschulp
50%
61 usa brooksby
46%
73 france cazaux
46%
53 france mpetshi perricard
46%
95 france mulle
46%
45 argentine navone
46%
70 usa opelka
46%
56 australie popyrin
46%
72 france royer
46%
82 kasakhstan shevchenko
46%
57 argentine ugo
46%
85 chilie garin
42%
65 serbie kecmanovic
42%
81 allemagne struff
42%
94 espagne carreno
38%
84 bosnie dzumhur
38%
60 allemagne hanfmann
38%
66 tcheque kopriva
38%
99 espagne landaluce
38%
87 coratie prizmic
38%
75 argentine tirante
38%
93 espagne bautista
33%
76 usa giron
33%
83 autriche ofner
33%
98 france van assche
33%
59 argentine burruchaga
29%
97 usa kovacevic
29%
74 pologne majchrzak
29%
48 usa quinn
29%
100 chine wu
29%
78 italie bellucci
25%
88 usa svajda
25%
96 paraguay vallejo
25%
89 australie vukic
25%
79 australie duckworth
21%
77 argentine trungelliti
21%
86 usa spizzirri
17%
90 usa hypson
0%
Aucun quiz correspondant
Distribution des résultats
% des personnes avec chaque résultat
Percentile par nombre de réponses
Votre historique - résultats
Vous n’avez pas pris ce quiz